Which Country Has the Bigger Military? #3 - Statistics

General Stats
  • This quiz has been taken 7 times
  • The average score is 9 of 15
Answer Stats
Question Answer % Correct
Which country has the bigger military? Kenya
100%
Which country has the bigger military? Australia
86%
Which country has the bigger military? Liberia
86%
Which country has the bigger military? Slovakia
86%
Which country has the bigger military? Azerbaijan
71%
Which country has the bigger military? Chile
71%
Which country has the bigger military? Niger
71%
Which country has the bigger military? South Korea
71%
Which country has the bigger military? Maldives
57%
Which country has the bigger military? Turkmenistan
57%
Which country has the bigger military? Cuba
43%
Which country has the bigger military? Mongolia
43%
Which country has the bigger military? Burundi
29%
Which country has the bigger military? Singapore
29%
Which country has the bigger military? Cambodia
14%
No matching quizzes found
Score Distribution
Percent of People with Each Score
Percentile by Number Answered
Your Score History
You have not taken this quiz